000 00651cab a2200229 4500
001 WB3322-01
008 090401t1997 xxu||||| |||| 00| 0 eng d
035 _a(Sirsi) u78745
041 _aeng
245 _aStrike threat to building projects
260 _c1997
350 _a0
490 _aDaily Telegraph
_v4 June 1997, 2(1)
520 _aMajor building projects could be hit by strikes following the collapse of pay talks with the GMB general union.
650 _aCONSTRUCTION PROJECTS
650 _aGMB GENERAL UNION
650 _aPAY TALKS
650 _aSTRIKES
690 _aBUILT ENVIRONMENT
942 _n0
948 _c04/06/1997
999 _c49505
_d49505